| 000 | 00315nam a22001217a 4500 | ||
|---|---|---|---|
| 020 | _a0735710627 | ||
| 082 |
_222 _a005.72 |
||
| 100 | _aGoto, Kelly and Cotler, Emily. | ||
| 245 |
_aWeb Redesign : _bwork flow that works / |
||
| 260 |
_aUSA, _bNew Riders, _cc2002. |
||
| 300 |
_a253p. ; _bill. ; _c25 cm. |
||
| 942 |
_2ddc _cIT |
||
| 999 |
_c1479 _d1479 |
||